¿Investigación sobre las mujeres o investigación feminista? El debate en torno a la ciencia y la metodología feminista
Guardat en:
| Autor principal: | |
|---|---|
| Format: | Text |
| Idioma: | Spanish |
| Publicat: |
Distrito Federal:
PUEG
|
| Edició: | 2 |
| Matèries: | |
| Etiquetes: |
Afegir etiqueta
Sense etiquetes, Sigues el primer a etiquetar aquest registre!
|
MARC
| LEADER | 00000 a a2200000 04500 | ||
|---|---|---|---|
| 001 | 36080 | ||
| 003 | cru CIDCACS/IIS | ||
| 005 | 20181211114335.0 | ||
| 008 | 181211b2002 MX ||||| |||| 00| 0 spa d | ||
| 999 | |c 5165 |d 5165 | ||
| 020 | |a 970-32-0311-6 | ||
| 040 | |c cru CIDCACS/IIS | ||
| 090 | |a 05.03.07 B294d | ||
| 100 | 1 | |a Mies, María |9 8110 | |
| 245 | |a ¿Investigación sobre las mujeres o investigación feminista? |b El debate en torno a la ciencia y la metodología feminista |c María Mies | ||
| 250 | |a 2 | ||
| 260 | |a Distrito Federal: |b PUEG | ||
| 300 | |a páginas 63-102 | ||
| 650 | |a CIENCIA | ||
| 650 | |a INVESTIGACION SOCIAL | ||
| 650 | |a FEMINISMO | ||
| 650 | |a MUJERES | ||
| 942 | |2 ddc |c LI | ||
| 773 | 0 | |0 108 |9 2512 |a Bartra, Eli |b 2 |d Distrito Federal: PUEG |o 03737 |t Debates en torno a una metodología feminista / |w (cru CIDCACS/IIS)36081 |z 970-32-0311-6 | |



